Biblioteca

Pastorcita (Registro nro. 67835)

Detalles MARC
000 -LÍDER
Campo fijo de descripción fija 01716nam a22002777i 4500
001 - NÚMERO DE CONTROL
Campo de control BINCO
003 - IDENTIFICADOR DEL NÚMERO DE CONTROL
Campo de control CO-MdBIC
005 - FECHA Y HORA DE LA ULTIMA TRANSACCIÓN
control field 20240601232254.0
008 - ELEMENTOS DE LONGITUD FIJA -- INFORMACIÓN GENERAL
Campo fijo de descripción fija -- Información general 220428b2005 ck a|||| |||| 00| 0 spa d
020 ## - NÚMERO INTERNACIONAL NORMALIZADO PARA LIBROS
Número Internacional Normalizado del libro 9587042786
040 ## - FUENTE DE CATALOGACIÓN
Agencia de catalogación original CO-MdBIC
Idioma de catalogación spa.
Agencia que realiza la transcripción CO-MdBIC
Agencia que realiza la modificación CO-MdBIC
041 ## - CÓDIGO DE IDIOMA
Código de idioma para texto/pista de sonido o título separado spa
082 ## - NÚMERO DE CLASIFICACIÓN DECIMAL DEWEY
Número de la edición del Dewey 23
Número de clasificación 860.809861
Clave de autor-Numero de item P784
100 ## - ASIENTO PRINCIPAL--NOMBRE PERSONAL
Nombre personal Pombo, Rafael,
Fechas asociadas con el nombre 1833-1912 ‎
245 ## - TÍTULO
Título del Material Pastorcita
Mención de responsabilidad, etc. / Rafael Pombo ; illustrado por Alekos
250 ## - MENCIÓN DE EDICIÓN
Mención de edición Primera edición
260 1# - PUBLICACIÓN, DISTRIBUCIÓN, ETC. (PIE DE IMPRENTA)
Lugar de publicación, distribución, etc. Colombia :
Nombre del editor, distribuidor, etc. Alfaguara,
Fecha de publicación, distribución, etc. [2005]
264 ## - PRODUCCIÓN, PUBLICACIÓN, DISTRIBUCIÓN, MANUFACTURA, Y COPYRIGHT
Fecha de producción, publicación, distribución, manufactura, o copyright © 2005
300 ## - DESCRIPCIÓN FÍSICA
Extensión 26 paginas
Otros detalles físicos ; ilustraciones a color
Dimensiones , 24 cm.
490 ## - MENCIÓN DE SERIE
Mención de serie Nidos para la lectura
501 ## - NOTA DE “CON”
Nota de Contenido ¿Quién no recuerda a Pastorcita, a Simón el bobito o a La pobre viejecita? Aquellos personajes de la tradición literaria anglosajona se arraigaron en nuestra infancia, gracias a las ingeniosas versiones que hizo para nuestra lengua el poeta colombiano Rafael Pombo y que marcaron un hito en la literatura infantil. Desde fines del siglo XIX, el humor y la frescura de Pastorcita han fascinado a muchas generaciones. Ahora, recreada con las imágenes de Alekos, un prestigioso ilustrador colombiano, regresa este clásico de la literatura, tan vigente y tan entrañable como siempre.<br/>Este libro conjuga el ritmo del lenguaje, la historia y las ilustraciones para que los padres compartan con sus hijos la magia de la poesía, el arrte de mirar y el placer de leer juntos.<br/>Pastorcita, un acertado diálogo entre ilustración, historia y poesía, recomendado para leer con los más pequeños, desde la primera infancia.
650 #7 - ASIENTO SECUNDARIO DE MATERIA - TERMINO TEMÁTICO
9 (RLIN) 100
Término temático o nombre geográfico como elemento de entrada Educación infantil
650 #7 - ASIENTO SECUNDARIO DE MATERIA - TERMINO TEMÁTICO
Término temático o nombre geográfico como elemento de entrada Literatura colombiana
9 (RLIN) 2518
700 ## - ASIENTO SECUNDARIO - NOMBRE PERSONAL
Nombre personal Alekos
Responsabilidad ilustrador
942 ## - TIPO DE MATERIAL (KOHA)
Tipo de Item KOHA Z- Libro General BINCO
Existencias
Estado de Material Estado de Perdido Forma de Clasificación Estado de Dañado No para Préstamo Colección Biblioteca de Origen Biblioteca Permanente Fecha de Adquisición Total de Préstamos Signatura Topográfica Código de Barras Última vez visto Ejemplar/Existencia Fecha de Remplazo Tipo de Material
    Dewey Decimal Classification     Colección Escolares Biblioteca Infantil Comunitaria BINCO Biblioteca Infantil Comunitaria BINCO 28/04/2022   860.8P784 B32177 28/04/2022 ej.1 28/04/2022 Z- Libro General BINCO

Biblioteca FUSBC | Teléfono: (57+4) 349 88 10 Ext. 141| WhatsApp (+57) 3005338115 
E-mail: biblioteca@unisbc.edu.co | Calle 76 87-14 Robledo Palenque, Medellín, Colombia

Con tecnología Koha